00954nam a2200253 a 450000100100000000500170001000800410002702000150006804000250008308200180010810000240012624501190015026000370026930000210030650000430032760000340037065000330040470000360043770000340047374000450050704900090055295201220056199900170068300002209020240301180539.0100916s1974 sp r 000 0 spa d a8429709509 aDO-SdBNPbspacBNPHU a335.43bK119g1 aKägi, Paul94577113aLa génesis del materialismo histórico /cPaul Kägi ; prólogo Werner Kägi ; traducción Ulises Moulines. aBarcelona :bPenínsula,c1974. a350 p. ;c21 cm. aIncluye notas al pie de las páginas.10aMarx, Karl,d1818-1883930439 4aMaterialismo dialectico98451 aKägi, Werner,epról.9457721 aMoulines, Ulises,etr.9278520 aKarl Marx y la dinámica de la sociedad aBNGR 001054708MOaGRbGRcCTd2010-09-16iLF1l0o335.43 K119gp22090-10r2020-06-25w2020-06-25y4ZPréstamo en sala c21588d21588